| 000 | 00406nam a22001697a 4500 | ||
|---|---|---|---|
| 005 | 20160618124452.0 | ||
| 008 | 160618b xxu||||| |||| 00| 0 eng d | ||
| 020 | _a978-81-8478-113 | ||
| 041 | _aeng | ||
| 082 | _b8128 | ||
| 100 |
_aChandrate, Dr. K.R. _92212 |
||
| 245 | _aLegal and Business Writing in Plain English | ||
| 260 | _bTaxmann | ||
| 300 | _a12.1 | ||
| 650 |
_aManagement _9241 |
||
| 942 | _cBK | ||
| 999 |
_c3095 _d3094 |
||